000 00441nam a2200145Ia 4500
008 100122s9999 xx 000 0 und d
082 _b12306
_a822.08
100 _aदारव्हेकर पुरुषोत्तम
245 _aअबोल झाली सतार
260 _c1964
300 _a40
630 _aअबोल झाली सतार
730 _aअबोल झाली सतार
942 _cBOOK
999 _c403492
_d403489